Návrh a tvorba komplexného systému pre riadenie flexibilnej výroby
Salvato in:
| Autore principale: | |
|---|---|
| Altri autori: | |
| Natura: | Manoscritto Libro |
| Lingua: | slovacco |
| Pubblicazione: |
2024
|
| Soggetti: | |
| Accesso online: | http://is.stuba.sk/zp/portal_zp.pl?podrobnosti=177304 |
| Tags: |
Nessun Tag, puoi essere il primo ad aggiungerne!!
|
MARC
| LEADER | 00000ntm a22000003a 4500 | ||
|---|---|---|---|
| 001 | stuzp99390 | ||
| 003 | SK-STU | ||
| 005 | 20241120095731.9 | ||
| 007 | ta | ||
| 008 | 150427s2015----xo-----f-mn---000-0-slo-d | ||
| 040 | |a STU |b slo | ||
| 041 | 0 | |a slo | |
| 100 | 1 | |a Kašo, Filip |u 020020 |4 aut |U SjF Strojnícka fakulta |T SjF Ústav automatizácie, informatizácie a merania |X 104870 |U J0020 |Y 802 |7 104870 | |
| 242 | 0 | 1 | |a Design and application of a complex system for control of flexible manufacturing |y eng |
| 245 | 1 | 0 | |a Návrh a tvorba komplexného systému pre riadenie flexibilnej výroby |
| 260 | |c 2024 | ||
| 650 | 4 | |a Priemysel 4.0 |2 slo | |
| 650 | 4 | |a flexibilná výroba |2 slo | |
| 650 | 4 | |a komunikačno-riadiaci systém |2 slo | |
| 650 | 4 | |a virtuálne sprevádzkovanie |2 slo | |
| 650 | 4 | |a OPC UA |2 slo | |
| 650 | 4 | |a OPC UA |2 eng | |
| 650 | 4 | |a Industry 4.0 |2 eng | |
| 650 | 4 | |a flexible manufacturing |2 eng | |
| 650 | 4 | |a communication control system |2 eng | |
| 650 | 4 | |a virtual commissioning |2 eng | |
| 700 | 1 | |a Vachálek, Ján |u 020020 |k Z1 |4 ths |U SjF Strojnícka fakulta |T SjF Ústav automatizácie, informatizácie a merania |X 2232 |U J0020 |Y 802 |7 A000002232 | |
| 856 | 4 | |u http://is.stuba.sk/zp/portal_zp.pl?podrobnosti=177304 | |
| 996 | |b 284J047677 |c J* 3772/DDP |l JJSK |s A |a 24 |w stuzp99390_0001 | ||